000
00310nam a2200121Ia 4500
008
150201s2005 xx 000 0 und d
082
_a
615
_b
E05G
100
_a
GARG,GOBIND RAI
245
_a
EXPERIMENTAL PHARMACOLOGY FOR UG STUDENTS
260
_b
CBS
_a
DELHI
_c
2005
650
_a
PHARMACOLOGY
942
_2
ddc
_c
BK
_0
13
999
_c
886
_d
886